Statistics for NCAA Colleges in Arkansas

Click here to take the quiz!

General Stats

  • This quiz has been taken 146 times
  • The average score is 9 of 14

Answer Stats

Division Team Name University % Correct
Division IRazorbacksArkansas
100%
Division IRed WolvesArkansas State
97%
Division ITrojansLittle Rock
88%
Division IBearsCentral Arkansas
84%
Division IGolden LionsArkansas-Pine Bluff
81%
Division IIWonder BoysArkansas Tech
69%
Division IIMuleridersSouthern Arkansas
56%
Division IIBisonsHarding
55%
Division IIBoll WeevilsArkansas-Monticello
54%
Division IIReddiesHenderson State
51%
Division IIIWarriorsHendrix
46%
Division IITigersOuachita Baptist
43%
Division IILionsArkansas-Fort Smith
40%
Division IIIEaglesUniversity of the Ozarks
27%

Score Distribution

Percentile by Number Answered

Percent of People with Each Score

Your Score History

You have not taken this quiz